Statistics for World Geography trivia No 1

Click here to take the quiz!

General Stats

  • This quiz has been taken 69 times
    (45 since last reset)
  • The average score is 8 of 15

Answer Stats

HintAnswer% Correct
In which US state would you find Death Valley?California
85%
What is the largest city in New Zealand?Auckland
82%
Which country was formerly known as Ceylon?Sri Lanka
79%
What is the capital of Nicaragua?Managua
77%
What is the national language of Turkey?Turkish
74%
Luanda is the capital of which African country?Angola
64%
In which country is the town Nokia?Finland
64%
Cape Cod is inwhich state?Massachusetts
62%
Male is the capital of where?Maldives
54%
Which country governs Lanzarote?Spain
38%
Which African countrys flag is Red White and Black?Egypt
23%
In which country would you find the Banaue Rice Terraces?Philippines
21%
Where are the Barisan Mountains?Indonesia
18%
What countrys highest peak is Pice De Orizabia?Mexico
18%
Where is the Omo river?Ethiopia
5%

Score Distribution

Percentile by Number Answered

Percent of People with Each Score

Your Score History

You have not taken this quiz since the last reset